000 00670cam a22002293a 4500
001 20055
003 PGUSA
005 20140828083426.0
008 061208s2006||||xxu|||||s|||||000 | eng d
040 _aPGUSA
_beng
042 _adc
050 4 _aDC
100 1 _aMorris, Charles,
_d1833-1922
245 1 0 _aHistoric Tales :
_bThe Romance of Reality. Vol. 06 (of 15), French
_h[electronic resource] /
_cCharles Morris
260 _bProject Gutenberg,
_c2006
506 _aPublic domain in the USA.
516 _aElectronic text
653 _aFrance -- History
830 0 _aProject Gutenberg
_v20055
856 4 0 _uhttp://www.gutenberg.org/ebooks/20055
942 _cEB
999 _c249310
_d249310